Random Capitals of the World by flags - Quiz - Statistics

General Stats
  • This quiz has been taken 252 times
  • The average score is 17 of 20
Answer Stats
Picture Answer % Correct
Abuja
100%
Accra
100%
Algiers
100%
Amman
100%
Amsterdam
100%
Andorra la Vella
100%
Antananarivo
100%
Athens
100%
Baku
100%
Bangkok
100%
Bangui
100%
Beirut
100%
Bern
100%
Bishkek
100%
Bissau
100%
Bloemfontein / Cape Town / Pretoria
100%
Bogotá
100%
Bratislava
100%
Bucharest
100%
Budapest
100%
Buenos Aires
100%
Cairo
100%
Canberra
100%
Caracas
100%
Copenhagen
100%
Dhaka
100%
Dili
100%
Djibouti
100%
Dodoma
100%
Dublin
100%
Dushanbe
100%
Funafuti
100%
Georgetown
100%
Hanoi
100%
Helsinki
100%
Islamabad
100%
Jakarta
100%
Jerusalem
100%
Kampala
100%
Kathmandu
100%
Kuwait City
100%
Kyiv
100%
Lima
100%
Ljubljana
100%
London
100%
Luanda
100%
Luxembourg
100%
Madrid
100%
Manila
100%
Mexico City
100%
Minsk
100%
Monaco
100%
Montevideo
100%
Moscow
100%
Muscat
100%
Nairobi
100%
N'Djamena
100%
New Delhi
100%
Oslo
100%
Ottawa
100%
Panama City
100%
Paris
100%
Phnom Penh
100%
Podgorica
100%
Port Vila
100%
Prague
100%
Pyongyang
100%
Quito
100%
Rabat
100%
Reykjavík
100%
Riyadh
100%
Rome
100%
Roseau
100%
Sana'a
100%
San José
100%
San Marino
100%
Santiago
100%
Santo Domingo
100%
Sarajevo
100%
Seoul
100%
Singapore
100%
Skopje
100%
Sofia
100%
St. George's
100%
Stockholm
100%
Tallinn
100%
Tbilisi
100%
Tehran
100%
Thimphu
100%
Tirana
100%
Tokyo
100%
Ulaanbaatar
100%
Vaduz
100%
Valletta
100%
Vienna
100%
Vientiane
100%
Warsaw
100%
Washington, D.C.
100%
Yaoundé
100%
Yerevan
100%
Zagreb
100%
Port Moresby
91%
Beijing
90%
Lisbon
90%
Ankara
89%
Asunción
89%
Baghdad
89%
Belgrade
89%
Brasília
89%
Havana
89%
Kabul
89%
Malé
89%
Damascus
88%
Gaborone
88%
Harare
88%
Ngerulmud
88%
Palikir
88%
Vilnius
88%
Yaren
88%
Astana
86%
Bandar Seri Begawan
86%
Brussels
86%
Kingston
86%
Kinshasa
86%
Pristina
86%
Taipei
86%
Vatican City
86%
Manama
85%
Addis Ababa
83%
Belmopan
83%
Brazzaville
83%
Honiara
83%
Mbabane
83%
Nassau
83%
Riga
83%
St. John's
83%
Tashkent
83%
Victoria
83%
Berlin
80%
Dakar
80%
Juba
80%
Maseru
80%
Monrovia
80%
Nicosia
80%
Port Louis
80%
Wellington
80%
Asmara
78%
Niamey
78%
Nouakchott
78%
Abu Dhabi
75%
Banjul
75%
Doha
75%
Gitega
75%
Kigali
75%
Kuala Lumpur
75%
La Paz / Sucre
75%
Maputo
75%
Mogadishu
75%
Tripoli
75%
Tunis
75%
Bamako
71%
Guatemala City
71%
Lilongwe
71%
Malabo
71%
Porto-Novo / Cotonou
71%
Praia
71%
São Tomé
71%
Sri Jayawardenepura Kotte
71%
Suva
71%
Tegucigalpa
71%
Windhoek
71%
Basseterre
67%
Chișinău
67%
Khartoum
67%
Lomé
67%
Managua
67%
Naypyidaw
67%
Ouagadougou
67%
Paramaribo
67%
Port-au-Prince
67%
Port of Spain
67%
Lusaka
64%
Majuro
64%
Freetown
63%
South Tarawa
63%
Bridgetown
60%
Castries
60%
Yamoussoukro
60%
Kingstown
57%
Conakry
56%
Apia
50%
Ashgabat
50%
Libreville
50%
Moroni
50%
Nuku'alofa
50%
San Salvador
50%
No matching quizzes found
Score Distribution
Percent of People with Each Score
Percentile by Number Answered
Your Score History
You have not taken this quiz